Law Relating to Ragging (Record no. 232078)
[ view plain ]
| 000 -LEADER | |
|---|---|
| fixed length control field | 00619nam a22002177a 4500 |
| 005 - DATE AND TIME OF LATEST TRANSACTION | |
| control field | 20241205094047.0 |
| 008 - FIXED-LENGTH DATA ELEMENTS--GENERAL INFORMATION | |
| fixed length control field | 241205b ||||| |||| 00| 0 eng d |
| 020 ## - INTERNATIONAL STANDARD BOOK NUMBER | |
| International Standard Book Number | 9789389407464 |
| 040 ## - CATALOGING SOURCE | |
| Transcribing agency | AL |
| 041 ## - LANGUAGE CODE | |
| Language code of text/sound track or separate title | eng |
| 082 ## - DEWEY DECIMAL CLASSIFICATION NUMBER | |
| Edition number | 23 |
| Classification number | 371.58 |
| Item number | MOHL |
| 100 ## - MAIN ENTRY--PERSONAL NAME | |
| Personal name | Naman Mohnot |
| 100 ## - MAIN ENTRY--PERSONAL NAME | |
| 9 (RLIN) | 187746 |
| 245 ## - TITLE STATEMENT | |
| Title | Law Relating to Ragging |
| 260 ## - PUBLICATION, DISTRIBUTION, ETC. | |
| Place of publication, distribution, etc. | Gurgaon |
| Name of publisher, distributor, etc. | Thomas Reuters |
| Date of publication, distribution, etc. | 2020 |
| 300 ## - PHYSICAL DESCRIPTION | |
| Other physical details | xliv,499p. |
| Extent | PB |
| Dimensions | 23x15cm. |
| 365 ## - TRADE PRICE | |
| Source of price type code | LAW |
| Price type code | 1060 |
| Price amount | 638.75 |
| Currency code | ₹ |
| Unit of pricing | 875.00 |
| Price note | 27% |
| Price effective from | 28-11-2024 |
| 650 ## - SUBJECT ADDED ENTRY--TOPICAL TERM | |
| Topical term or geographic name entry element | Ragging and Special Laws |
| 9 (RLIN) | 187747 |
| 650 ## - SUBJECT ADDED ENTRY--TOPICAL TERM | |
| Topical term or geographic name entry element | Role of Media |
| 9 (RLIN) | 187748 |
| 700 ## - ADDED ENTRY--PERSONAL NAME | |
| Personal name | MOHNOT (Naman) |
| 9 (RLIN) | 187749 |
| 942 ## - ADDED ENTRY ELEMENTS (KOHA) | |
| Source of classification or shelving scheme | Dewey Decimal Classification |
| Koha item type | Book |
| Withdrawn status | Lost status | Source of classification or shelving scheme | Damaged status | Not for loan | Collection code | Home library | Current library | Date acquired | Source of acquisition | Cost, normal purchase price | Total Checkouts | Full call number | Barcode | Date last seen | Cost, replacement price | Price effective from | Koha item type | Date last checked out |
|---|---|---|---|---|---|---|---|---|---|---|---|---|---|---|---|---|---|---|
| Dewey Decimal Classification | Law | St Aloysius Law Library | St Aloysius Law Library | 12/03/2024 | MPP House Law Books Publishers Bengaluru-560009 | 638.75 | 371.58 MOHL | LL000208 | 12/05/2024 | 875.00 | 12/05/2024 | Book | ||||||
| Dewey Decimal Classification | Law | St Aloysius Law Library | St Aloysius Law Library | 12/03/2024 | MPP House Law Books Publishers Bengaluru-560009 | 638.75 | 371.58 MOHL | LL000209 | 12/05/2024 | 875.00 | 12/05/2024 | Book | ||||||
| Dewey Decimal Classification | Law | St Aloysius Law Library | St Aloysius Law Library | 12/03/2024 | MPP House Law Books Publishers Bengaluru-560009 | 638.75 | 1 | 371.58 MOHL | LL000210 | 02/07/2026 | 875.00 | 12/05/2024 | Book | 01/27/2026 | ||||
| Dewey Decimal Classification | Law | St Aloysius Law Library | St Aloysius Law Library | 12/03/2024 | MPP House Law Books Publishers Bengaluru-560009 | 638.75 | 1 | 371.58 MOHL | LL000211 | 05/20/2026 | 875.00 | 12/05/2024 | Book | 01/22/2026 | ||||
| Dewey Decimal Classification | Law | St Aloysius Law Library | St Aloysius Law Library | 12/03/2024 | MPP House Law Books Publishers Bengaluru-560009 | 638.75 | 1 | 371.58 MOHL | LL000212 | 01/19/2026 | 875.00 | 12/05/2024 | Book | 01/10/2026 |